00597nam a2200229Ia 4500008004100000040001200041082000800053082001500061245005200076260001500128260002400143260000900167300001300176300000600189300001400195530001400209563001400223630005200237650001400289650001200303730005200315160321s9999||||xx |||||||||||||| ||und|| cEnglish aXVC bBORI-49084 aAnnual Report Of The Librarian Of Congress 1983 aWashington bLibrary Of Congress c1984 aXIII+300 cB eHardbound u97512.pdf aReference aAnnual Report Of The Librarian Of Congress 1983 aReference aReports aAnnual Report Of The Librarian Of Congress 1983